Le prix du temps (notice n° 1640228)

détails MARC
000 -LEADER
fixed length control field 02205cam a2200169 4500500
005 - DATE AND TIME OF LATEST TRANSACTION
control field 20260201081505.0
041 ## - LANGUAGE CODE
Language code of text/sound track or separate title fre
042 ## - AUTHENTICATION CODE
Authentication code dc
100 10 - MAIN ENTRY--PERSONAL NAME
Personal name Berthoud, Arnaud
Relator term author
245 00 - TITLE STATEMENT
Title Le prix du temps
260 ## - PUBLICATION, DISTRIBUTION, ETC.
Date of publication, distribution, etc. 2005.<br/>
500 ## - GENERAL NOTE
General note 86
520 ## - SUMMARY, ETC.
Summary, etc. Résumé Pour l’époque moderne et à la différence des époques antérieures, le taux d’intérêt est légitime parce qu’il est le prix naturel d’un temps considéré lui-même comme un bien rare. Cela constitue le cœur du capitalisme. Quelles sont les conditions théoriques principales de l’avènement d’une pareille conception économique du temps ? On examine successivement la conception du temps dans la pensée néoclassique ; la conception plus ancienne correspondant à l’interdit scolastique du taux d’intérêt ; le bouleversement apporté par la Réforme et la doctrine calviniste de la prédestination sous la perspective de Max Weber. On en vient alors à l’idée suivante : pour que le temps soit saisi par un agent économique comme un bien extérieur à lui-même et analogue à une marchandise, il faut qu’il puisse considérer son choix ou son arbitrage entre des biens à périodes de temps différentes comme un acte situé lui-même hors du temps et pour que cela soit à son tour possible, il faut qu’il puisse croire que cet acte s’inscrit dans l’horizon du choix atemporel de Dieu.
520 ## - SUMMARY, ETC.
Summary, etc. Abstract The Price of TimeContrary to previous periods, during the modern era interest rates are legitimate because they represent the natural price of time considered itself as a rare commodity. This is at the very heart of capitalism. So that time is appropriated by an economic agent as a resource exterior to himself and as a commodity, it is necessary that he considers his choice or his negotiation between resources in different periods of time as an act situated itself outside of time. To do so, he must believe that this act figures into the intemporal choices of God.
786 0# - DATA SOURCE ENTRY
Note L'Homme & la Société | 156-157 | 2 | 2005-06-01 | p. 59-75 | 0018-4306
856 41 - ELECTRONIC LOCATION AND ACCESS
Uniform Resource Identifier <a href="https://shs.cairn.info/revue-l-homme-et-la-societe-2005-2-page-59?lang=fr&redirect-ssocas=7080">https://shs.cairn.info/revue-l-homme-et-la-societe-2005-2-page-59?lang=fr&redirect-ssocas=7080</a>

Pas d'exemplaire disponible.

PLUDOC

PLUDOC est la plateforme unique et centralisée de gestion des bibliothèques physiques et numériques de Guinée administré par le CEDUST. Elle est la plus grande base de données de ressources documentaires pour les Étudiants, Enseignants chercheurs et Chercheurs de Guinée.

Adresse

627 919 101/664 919 101

25 boulevard du commerce
Kaloum, Conakry, Guinée

Réseaux sociaux

Powered by Netsen Group @ 2025